Przystanki linii autobusowej 112 w Toruniu - Statystyki

Ogólne statystyki
  • Ten quiz został rozwiązany 6 razy
  • Średni wynik to 20 z 28
Statystyki odpowiedzi
Odpowiedź % Poprawnych
Aleja Solidarności
100%
Dworzec Wschodni
100%
Garbaty Mostek
100%
Grębocin
100%
GRONOWO
100%
Przy Kaszowniku
100%
Wapienna
100%
Brzeźno
80%
Kolonia Papowska
80%
PLAC ŚW. KATARZYNY
80%
Rogówko
80%
Suwalska
80%
Tofama
80%
Bajeczna
60%
Barwna
60%
Cegielnia
60%
Chrzanowskiego
60%
Elana B
60%
Kresowa
60%
Nad Rzeczką
60%
Przychodnia
60%
Szczecińska
60%
Toruńska
60%
Bukowa
40%
Meprozet
40%
Olbrachta
40%
Ośrodek Zdrowia
40%
Rogówko - Ogrodnik
20%
Nie znaleziono quizów pasujących do podanych kryteriów
Rozkład punktacji
Procent ludzi z każdym wynikiem
Percentyl według liczby udzielonych odpowiedzi
Twoja historia wyników
Nie rozwiązałeś tego quizu